Byzantium : the surprising life of a medieval empire /

محفوظ في:

المؤلف الرئيسي: Herrin, Judith (مؤلف)

التنسيق: كتاب

اللغة: English

منشور في: Pricneton : [Princeton University Press], 2008.

الموضوعات:

الوسوم: إضافة وسم

لا توجد وسوم, كن أول من يضع وسما على هذه التسجيلة!

رقم الطلب: DF552 .H47 2008

LEADER 00824namaa2200265 4500
001 22207
003 OSt
005 20260106133821.0
008 130303s2008 njuf b 001 0 eng d
010 |a 2007937185 
020 |a 9780691131511 
040 |c ARCE Library 
043 |a mm----- 
050 4 |a DF552 .H47 2008 
100 1 |a Herrin, Judith,   |e author  |9 31972 
245 1 0 |a Byzantium :  |b the surprising life of a medieval empire /  |c Judith Herrin. 
264 1 |a Pricneton :  |b [Princeton University Press],  |c 2008. 
300 |a xxiii, 391 pages, [24] pages of plates ;   |c 24 cm 
504 |a Includes bibliographical references (pages 339-353) and index. 
555 |a Sara.lib 
651 0 |a Byzantine Empire  |x History. 
651 0 |a Byzantine Empire  |x Civilization. 
901 |a reviewed 
942 |c BK  |2 lcc 
999 |c 20806  |d 20806